| Tag |
First Indicator |
Second Indicator |
Subfields |
| LEADER |
00000pam a2200000 a 4500 |
| 001 |
in00000079226 |
| 005 |
20151008060800.0 |
| 008 |
820212s1982 ilu b 00000 eng |
| 010 |
|
|
|a 82002309
|
| 020 |
|
|
|a 0814147607 (pbk.)
|
| 035 |
|
|
|a (OCoLC)08222104
|
| 035 |
|
|
|9 AAJ6558AM
|
| 039 |
0 |
|
|a 2
|b 3
|c 3
|d 3
|e 3
|
| 040 |
|
|
|a DLC
|c DLC
|d TXA
|d UtOrBLW
|
| 049 |
|
|
|a TXAM
|c [1805216], 2 [1505050]
|
| 050 |
0 |
0 |
|a PE1065
|b S83 1982
|
| 082 |
0 |
|
|a 428/.007/1073
|2 19
|
| 245 |
0 |
0 |
|a Structuring for success in the English classroom :
|b classroom practices in teaching English, 1981-1982 /
|c Candy Carter, Chair, and the Committee on Classroom Practices.
|
| 264 |
|
1 |
|a Urbana, Ill. :
|b National Council of Teachers of English,
|c [1982]
|
| 264 |
|
4 |
|c ©1982
|
| 300 |
|
|
|a ix, 178 pages ;
|c 23 cm.
|
| 336 |
|
|
|a text
|b txt
|2 rdacontent
|
| 337 |
|
|
|a unmediated
|b n
|2 rdamedia
|
| 338 |
|
|
|a volume
|b nc
|2 rdacarrier
|
| 504 |
|
|
|a Includes bibliographical references.
|
| 650 |
|
0 |
|a English language
|x Study and teaching.
|
| 650 |
|
0 |
|a Language arts.
|
| 700 |
1 |
|
|a Carter, Candy,
|d 1947-
|
| 710 |
2 |
|
|a National Council of Teachers of English.
|b Committee on Classroom Practices.
|
| 999 |
|
|
|a MARS
|
| 999 |
f |
f |
|s 263af711-40e5-3364-b2c4-c947235ca1e7
|i a47b3b77-5dc5-32c8-a779-c462d6deb418
|t 0
|
| 952 |
f |
f |
|p ric
|a Texas A&M University
|b Rellis Campus
|c Joint Library Facility
|s JLF
|d Remote Storage
|t 0
|e PE1065 S83 1982
|h Library of Congress classification
|i unmediated -- volume
|m A14806174529
|
| 998 |
f |
f |
|a PE1065 S83 1982
|t 0
|l Remote Storage
|